000 00647nam a2200241Ia 4500
003 OSt
005 20220923225137.0
006 a|||||r|||| 00| 0
007 ta
008 220922b |||||||| |||| 00| 0 san d
024 _a258,362
037 _cTextual
040 _aARTS
_cARTS
_bsan
041 _2san
_asan
082 _aO15,1x, K7
245 0 _aजगजीवन साहब की वाणी
246 _aJagajīvan sāhab kī vāṇī
260 _c1977
300 _a120पृ0
_ccm.
650 _aहिन्दी साहित्य
_9156264
942 _hO15,1x, K7
_cTEXL
_2CC
999 _c376352
_d376352